| 000 | 00698cam a2200229 4500500 | ||
|---|---|---|---|
| 005 | 20260405002648.0 | ||
| 041 | _afre | ||
| 042 | _adc | ||
| 100 | 1 | 0 |
_aLegros, Martin _eauthor |
| 245 | 0 | 0 | _aJocelyne Porcher / Florence Burgat / Hervé This. Un dîner presque saignant |
| 260 | _c2018. | ||
| 500 | _a51 | ||
| 690 | _aAnimal | ||
| 690 | _aÉlevage | ||
| 690 | _aFlorence Burgat | ||
| 690 | _aHervé This | ||
| 690 | _aJocelyne Porcher | ||
| 690 | _aVégétarisme | ||
| 690 | _aViande | ||
| 786 | 0 | _nPhilosophie magazine | 117 | 3 | 2018-03-01 | p. 30-33 | 1951-1787 | |
| 856 | 4 | 1 | _uhttps://shs.cairn.info/magazine-philosophie-magazine-2018-3-page-30?lang=fr&redirect-ssocas=7080 |
| 999 |
_c2059832 _d2059832 |
||